Countries by Ethnic Group - Statistics

General Stats
  • This quiz has been taken 81 times
  • The average score is 22 of 30
Answer Stats
Ethnic Group Home Country % Correct
Maori New Zealand
95%
Cornish United Kingdom
95%
Copt Egypt
91%
Breton France
91%
Cherokee United States
91%
Gujarati India
89%
Xhosa South Africa
89%
Manchu China
86%
Ryukyuan Japan
86%
Yakut Russia
86%
Faroese Denmark
85%
Walloon Belgium
83%
Igbo Nigeria
83%
Galician Spain
83%
Malagasy Madagascar
82%
Romansch Switzerland
82%
Sundanese Indonesia
78%
Sinhalese Sri Lanka
78%
Amhara Ethiopia
77%
Zapotec Mexico
77%
Swabian Germany
68%
Rapa Nui Chile
62%
Friulian Italy
62%
Montagnais Canada
60%
Kashubian Poland
48%
Alawite Syria
46%
Visayan Philippines
43%
Luba DR Congo
42%
Bamar Myanmar
38%
Kʼicheʼ Guatemala
23%
No matching quizzes found
Score Distribution
Percent of People with Each Score
Percentile by Number Answered
Your Score History
You have not taken this quiz